00531 2200205 4500001002100000005001500021035002000036007000300056008004100059020001800100082001000118084001600128100002300144245005300167250001100220260003800231300002800269990001300297990001500310INLIS00000000000770720260406115326 a0010-0426000018ta260406 | | ind  a979-489-329-3 a628.7 a628.7 SET m1 aSetiawan, Ade Iwan1 aMemanfaatkan Kotoran Ternak /cAde Iwan Setiawan aCet. 1 aJakarta :bPenebar Swadaya,c1996 a82 hlm :bilus ;c21 cm a087/2026 a187.2/2026